[Event "II Duchamp Open 2018-U2200"]
[Site "Rio de Janeiro"]
[Date "2018.11.16"]
[Round "1"]
[White "Rocha, Vitor Firmo De Souz"]
[Black "Nascimento, Pedro Henrique Alve"]
[Result "1-0"]
[WhiteElo "2174"]
[BlackElo "2007"]
[Annotator "TA"]
[PlyCount "73"]
[EventDate "2018.11.14"]
[EventType "swiss"]
[EventCountry "BRA"]
[SourceTitle "playchess.com"]
[Source "ChessBase"]
[SourceQuality "1"]

{[%evp 16,73,19,19,31,14,40,0,15,14,41,41,47,45,47,42,61,61,53,54,53,40,47,54,47,48,50,29,68,32,94,88,200,183,183,183,191,201,341,336,489,483,2222,2029,2411,2416,2416,1797,2419,2356,2012,1608,2199,1710,6291,6107,29986,29987,29987,29988]} 1. e4 e6 2. d4 d5 3. Nd2 dxe4 4. Nxe4 Nd7 5. Nf3 Ngf6 6. Nxf6+ Nxf6 7. Be3 Be7 8. Bd3 O-O {C10: French with 3 Nc3: Unusual Black 3rd moves and 3...dxe4} (8... b6 9. Qe2 Bb7 10. O-O-O O-O 11. Kb1 Qd6 12. Ne5 c5 13. Rhe1 cxd4 14. Bxd4 Rad8 15. c3 Qc7 16. Ng4 Nxg4 17. Qxg4 {½-½ (55) Van Foreest,J (2640)-Tiviakov,S (2583) Amsterdam 2018}) 9. Qe2 {LiveBook: 21 Games} Nd5 10. c3 $146 ({Predecessor:} 10. O-O-O Nb4 11. Bc4 b5 12. Bxb5 Nxa2+ 13. Kb1 Nb4 14. Ne5 Bb7 15. Bd2 c6 16. Bc4 {1-0 (50) Drazic,S (2471)-Altini,D (2283) Gabicce Mare 2013}) 10... Rb8 {The position is equal.} 11. Ne5 Nxe3 12. fxe3 f6 13. Qh5 {[%csl Gd3][%cal Rh5h7] [#]} f5 $1 14. g4 Bh4+ 15. Kd2 {Threatens to win with Raf1.} Qg5 16. Qxg5 Bxg5 17. gxf5 Bf6 18. Ng4 $36 {[%mdl 2048] White fights for an advantage.} exf5 19. Nxf6+ Rxf6 20. Raf1 Be6 21. Rf2 Bxa2 22. Ra1 Bd5 (22... Be6 $14) 23. Rxa7 Rbf8 (23... Be6 $16) 24. c4 $18 Bh1 25. b4 R6f7 26. d5 b6 (26... b5 $142 27. Kc3 g6) 27. Ra1 Be4 {[#]} (27... Bxd5 {was worth a try.} 28. cxd5 g6) 28. Bxe4 $1 fxe4 (28... g6 $142 29. Bc2 Re7) 29. Rxf7 Rxf7 {[%mdl 4096] Endgame KR-KR} 30. Ra8+ Rf8 31. Rxf8+ Kxf8 {KP-KP} 32. Kc3 Ke7 33. Kd4 g5 34. Kxe4 Kf6 35. c5 h5 36. d6 {[%cal Bd5d6,Bd6c7][%mdl 32]} Ke6 37. dxc7 {Accuracy: White = 82%, Black = 23%.} 1-0

[Event "II Duchamp Open 2018-U2200"]
[Site "Rio de Janeiro"]
[Date "2018.11.16"]
[Round "1"]
[White "Rios Fo., Hilton Carlos Da Si"]
[Black "Dos Santos, Rodrigo Mello"]
[Result "1-0"]
[WhiteElo "2138"]
[BlackElo "1965"]
[Annotator "RC"]
[PlyCount "63"]
[EventDate "2018.11.14"]
[EventType "swiss"]
[EventCountry "BRA"]
[SourceTitle "playchess.com"]
[Source "ChessBase"]
[SourceQuality "1"]
[TimeControl "5400+30"]

1. d4 {[%emt 0:29:33]} Nf6 {[%emt 0:29:41]} 2. c4 {[%emt 0:00:04]} c5 {[%emt 0:00:12]} 3. e3 {[%emt 0:00:21]} cxd4 4. exd4 d5 {[%emt 0:01:15]} 5. Nc3 {[%emt 0:00:05]} g6 {[%emt 0:01:14]} 6. Bg5 {[%emt 0:01:24]} dxc4 {[%emt 0:05:37]} 7. Bxc4 {[%emt 0:00:06]} Bg7 {[%emt 0:00:08]} 8. Nf3 {[%emt 0:00:09]} O-O {[%emt 0:00:30]} 9. O-O {[%emt 0:04:39]} Nbd7 {[%emt 0:12:40]} 10. Re1 {[%emt 0:02:52]} Nb6 {[%emt 0:01:21]} 11. Bb3 {[%emt 0:00:03]} Bg4 {[%emt 0:03:24]} 12. h3 {[%emt 0:00:10]} Bf5 {[%emt 0:01:50]} 13. Qe2 {[%emt 0:04:17]} h6 {[%emt 0:02:10]} 14. Bh4 {[%emt 0:01:05]} g5 {[%emt 0:00:36]} 15. Bg3 {[%emt 0:00:04]} e6 {[%emt 0:00:58]} 16. Rad1 {[%emt 0:04:08]} Nbd5 {[%emt 0:05:32]} 17. Ne5 {[%emt 0:02:08]} Rc8 18. Qf3 {[%emt 0:01:10]} Re8 {[%emt 0:08:10]} 19. Nxd5 {[%emt 0:16:36]} Nxd5 {[%emt 0:00:23]} 20. Nc4 Bf8 {[%emt 0:03:25]} 21. a3 {[%emt 0:06:55]} a6 22. Be5 {[%emt 0:07:48]} Bg6 {[%emt 0:07:02]} 23. Ne3 {[%emt 0:00:41]} Nxe3 {[%emt 0:01:14]} 24. Rxe3 {[%emt 0:00:04]} b5 {[%emt 0:02:44]} 25. d5 {[%emt 0:00:25]} exd5 {[%emt 0:00:44]} 26. Rxd5 {[%emt 0:02:03]} Qb6 {[%emt 0:02:30]} 27. Rd7 {[%emt 0:01:57]} Be7 {[%emt 0:01:58]} 28. Bd4 {[%emt 0:01:09]} Rc1+ {[%emt 0:03:58]} 29. Kh2 {[%emt 0:00:54]} Bd6+ {[%emt 0:01:07]} 30. g3 {[%emt 0:01:04]} Rxe3 {[%emt 0:00:55]} 31. Bxe3 {[%emt 0:01:29]} Qc6 {[%emt 0:01:41]} 32. Bxf7+ {[%emt 0:02:35] Rc3} 1-0

[Event "II Duchamp Open 2018-U2200"]
[Site "Rio de Janeiro"]
[Date "2018.11.16"]
[Round "1"]
[White "Dos Santos, Vitor Eduardo Mello"]
[Black "Morais, Wagner Soares De"]
[Result "1-0"]
[WhiteElo "2054"]
[BlackElo "1826"]
[Annotator "NA RC"]
[PlyCount "89"]
[EventDate "2018.11.14"]
[EventType "swiss"]
[EventCountry "BRA"]
[SourceTitle "playchess.com"]
[Source "ChessBase"]
[SourceQuality "1"]
[TimeControl "5400+30"]

1. e4 {[%emt 0:29:40]} c5 {[%emt 0:29:57]} 2. Nf3 d6 {[%emt 0:00:30]} 3. Bb5+ {[%emt 0:00:19]} Nd7 {[%emt 0:00:57]} 4. d4 {[%emt 0:00:21]} cxd4 {[%emt 0:01:19]} 5. Qxd4 {[%emt 0:00:08]} e5 {[%emt 0:07:36]} 6. Qd3 {[%emt 0:00:34]} h6 {[%emt 0:02:03] B51: Sicilian: Moscow Variation (3 Bb5+) without 3...Bd7} (6... a6 7. Bxd7+ Bxd7 8. c4 Rc8 9. a4 b5 10. axb5 axb5 11. b3 bxc4 12. bxc4 Be7 13. O-O Be6 14. Ra4 {½-½ (14) Gharamian,T (2614)-Solodovnichenko,Y (2531) Brest 2018}) 7. O-O {[%emt 0:00:53]} Ngf6 {[%emt 0:00:20]} 8. c4 {[%emt 0:01:00]} a6 {[%emt 0:00:38]} 9. Bxd7+ {[%emt 0:00:20]} Bxd7 {[%emt 0:00:36] LiveBook: 60 Games} 10. Nc3 {[%emt 0:02:20]} Be6 {[%emt 0:02:48]} 11. Ne1 $146 {[%emt 0:27:09]} ({Predecessor:} 11. b3 Be7 12. Nh4 O-O 13. Nf5 Bxf5 14. exf5 b5 15. cxb5 axb5 16. Nxb5 {0-1 (43) Brankovic,D (2358)-Stankovic,M (2357) Vrnjacka Banja 2009}) 11... Qc7 {[%emt 0:01:01]} 12. b3 {[%emt 0:00:16]} Be7 {[%emt 0:00:27]} 13. Nc2 {[%emt 0:05:23]} a5 {[%emt 0:07:41]} 14. Ne3 {[%emt 0:10:31]} Qc6 {[%emt 0:04:47]} 15. Kh1 {[%emt 0:07:56]} O-O $16 {[%emt 0:00:22]} 16. f4 {[%emt 0:00:25]} exf4 {[%emt 0:01:36]} 17. Ned5 {[%emt 0:02:41]} Bxd5 {[%emt 0:01:15]} 18. Nxd5 {[%emt 0:01:57]} Nxd5 {[%emt 0:00:42]} 19. exd5 {[%emt 0:00:07]} Qd7 {[%emt 0:02:47]} 20. Bxf4 {[%emt 0:01:05]} Rfc8 {[%emt 0:06:36]} 21. Qg3 {[%emt 0:01:11]} Kf8 {[%emt 0:05:14]} 22. Rae1 {[%emt 0:02:28]} Rd8 {[%emt 0:01:44]} 23. Re2 {[%emt 0:03:51]} Ra6 {[%emt 0:01:53]} 24. Rfe1 {[%emt 0:01:28]} Bf6 {[%emt 0:04:38]} 25. Qf3 {[%emt 0:00:17]} g5 {[%emt 0:09:07]} 26. Bd2 {[%emt 0:00:07]} Kg7 {[%emt 0:00:27]} 27. Bc3 {[%emt 0:00:21]} Be5 {[%emt 0:02:04]} 28. Bxe5+ {[%emt 0:00:05]} dxe5 {[%emt 0:00:18]} 29. Rxe5 {[%emt 0:00:05]} Rf6 {[%emt 0:00:19]} 30. Qc3 {[%emt 0:00:11]} b6 {[%emt 0:01:00]} 31. h3 {[%emt 0:01:45]} Qd6 {[%emt 0:00:10]} 32. R5e3 {[%emt 0:03:03]} Kg8 {[%emt 0:01:28]} 33. Rf3 {[%emt 0:00:56]} Rf4 {[%emt 0:00:39]} 34. Qe3 {[%emt 0:00:46]} Rxf3 {[%emt 0:01:09]} 35. Qxf3 {[%emt 0:00:08]} Rc8 {[%emt 0:01:10]} 36. Qe4 {[%emt 0:01:03]} Rb8 {[%emt 0:00:46]} 37. a4 {[%emt 0:00:29]} Rf8 {[%emt 0:00:19]} 38. Re2 {[%emt 0:00:19]} Qg3 {[%emt 0:00:16]} 39. Re3 {[%emt 0:00:10]} Qd6 {[%emt 0:00:13]} 40. Qe5 {[%emt 0:00:31]} Qa3 {[%emt 0:00:50]} 41. Kh2 {[%emt 0:00:41]} Qb4 {[%emt 0:00:21]} 42. d6 {[%emt 0:01:53]} Rd8 {[%emt 0:00:52]} 43. d7 {[%emt 0:00:23]} Kh7 {[%emt 0:00:42]} 44. Qf6 {[%emt 0:00:53]} Rxd7 {[%emt 0:00:19]} 45. Qf5+ 1-0

[Event "II Duchamp Open 2018-U2200"]
[Site "Rio de Janeiro"]
[Date "2018.11.16"]
[Round "1"]
[White "Peixoto, Rudson Marinho"]
[Black "Lebredo Zaragoitia, Gerardo"]
[Result "1/2-1/2"]
[WhiteElo "2007"]
[BlackElo "2139"]
[Annotator "TA"]
[PlyCount "78"]
[EventDate "2018.11.14"]
[EventType "swiss"]
[EventCountry "BRA"]
[SourceTitle "playchess.com"]
[Source "ChessBase"]
[SourceQuality "1"]

{[%evp 14,78,31,17,16,3,14,7,16,0,22,0,6,0,0,0,1,-10,22,-20,-10,-19,18,0,0,0,0,0,0,0,0,0,0,0,0,0,20,0,0,-6,42,0,0,0,0,-9,-10,-12,0,0,0,0,0,0,0,0,0,0,25,14,29,0,0,0,29,0,0]} 1. e4 c5 2. Nf3 e6 3. d4 cxd4 4. Nxd4 a6 5. Bd3 Nc6 6. Nxc6 dxc6 7. O-O e5 8. Qh5 Qc7 {B42: Sicilian: Kan Variation: 5 Bd3} 9. Qe2 $146 ({Predecessor:} 9. f4 Nf6 10. Qf3 Bc5+ 11. Kh1 Bg4 12. Qg3 h5 13. fxe5 h4 14. Qf4 Nh5 15. Qxg4 Ng3+ 16. hxg3 hxg3+ {½-½ (31) Fernandez Lledo,J (2256)-Martin Rueda,D (2341) Madrid 2015}) 9... Nf6 10. h3 Be7 11. Be3 O-O 12. a4 Be6 13. Nd2 b5 14. f4 exf4 15. Bxf4 Qd7 16. Be5 Qd8 17. axb5 cxb5 18. Kh1 Nd7 19. Bd4 Nc5 20. Bxc5 Bxc5 21. e5 Qg5 22. Qe4 {[%csl Gd3][%cal Re4h7]} g6 23. Nf3 Qg3 {[#]} 24. Bxb5 $1 {[%mdl 512]} Rab8 (24... axb5 25. Rxa8) 25. Bd3 Rxb2 26. Rxa6 Rfb8 27. Ra8 (27. Rxe6 $5 fxe6 28. Qc4 $16) 27... Rxa8 28. Qxa8+ Kg7 29. Qe4 Rb4 30. Qe1 Qf4 31. c3 Rb2 32. Nd4 Qd2 {[%csl Gb2][%cal Rd2g2] [#]} 33. Nxe6+ fxe6 {[%csl Gb2][%cal Rd2g2]} 34. Qxd2 Rxd2 $11 {KRB-KRB} 35. Bc4 Rc2 36. Bxe6 Rxc3 37. Bd7 Re3 38. e6 Kh6 39. Rc1 Bd6 {Accuracy: White = 43%, Black = 57%.} 1/2-1/2

[Event "II Duchamp Open 2018-U2200"]
[Site "Rio de Janeiro"]
[Date "2018.11.16"]
[Round "1"]
[White "Pimentel, Rafael Favarin G."]
[Black "Lopes Fo, Jorge Antonio Ferre"]
[Result "1/2-1/2"]
[WhiteElo "1886"]
[BlackElo "2126"]
[Annotator "TA"]
[PlyCount "47"]
[EventDate "2018.11.14"]
[EventType "swiss"]
[EventCountry "BRA"]
[SourceTitle "playchess.com"]
[Source "ChessBase"]
[SourceQuality "1"]

{[%evp 15,47,30,30,12,10,8,10,-43,-41,-41,-20,-26,-20,-52,-44,-53,-53,-72,-72,-63,-71,-88,-74,-66,-67,-110,-65,-76,-91,-136,-50,-51,0,-150]} 1. d4 Nf6 2. c4 g6 3. Nc3 Bg7 4. e4 d6 5. h3 Na6 6. Nf3 O-O 7. Be2 e5 8. d5 Nc5 {LiveBook: 31 Games} 9. Bg5 {E93: King's Indian: Classical: Petrosian System with 7...Nbd7} (9. Qc2 Nh5 10. b4 {½-½ (10) Khenkin,I (2557)-Mamedov,N (2602) Nakhchivan 2018}) 9... h6 10. Bxf6 Bxf6 11. g4 $146 ({Better is} 11. Qd2 $11) ({Predecessor:} 11. b4 Nd7 12. O-O Bg7 13. Nd2 f5 14. Rc1 f4 15. Nb3 Qg5 16. Kh2 Nf6 {1-0 (53) Pektas,Y (1933)-Kara,A (1694) Antalya 2017}) 11... a5 $15 12. Qc2 Bg5 13. Nxg5 hxg5 14. O-O-O Kg7 15. Rdg1 Qf6 16. f3 Bd7 17. Qd2 Rh8 18. Rg2 Rh7 19. Kc2 Rah8 20. Rgh2 b6 21. b3 Rh4 22. a4 Qd8 (22... Qf4 $17 {Strongly threatening ...Nxb3!} 23. Qxf4 gxf4) 23. Bf1 Qf6 (23... Kf8 $15) 24. Be2 {Accuracy: White = 38%, Black = 42%.} 1/2-1/2

[Event "II Duchamp Open 2018-U2200"]
[Site "Rio de Janeiro"]
[Date "2018.11.17"]
[Round "2"]
[White "Lebredo Zaragoitia, Gerardo"]
[Black "Pimentel, Rafael Favarin G."]
[Result "1-0"]
[WhiteElo "2139"]
[BlackElo "1886"]
[Annotator "NA"]
[PlyCount "43"]
[EventDate "2018.11.14"]
[EventType "swiss"]
[EventCountry "BRA"]
[SourceTitle "playchess.com"]
[Source "ChessBase"]
[SourceQuality "1"]
[TimeControl "5400+30"]

1. d4 {[%emt 0:29:46]} Nf6 {[%emt 0:29:35]} 2. c4 {[%emt 0:00:21]} g6 {[%emt 0:00:03]} 3. Nc3 {[%emt 0:00:19]} Bg7 {[%emt 0:00:07]} 4. Nf3 {[%emt 0:00:19]} O-O {[%emt 0:00:10]} 5. Bg5 {[%emt 0:00:20]} d6 {[%emt 0:00:06]} 6. e3 {[%emt 0:00:21]} h6 {[%emt 0:00:04]} 7. Bh4 {[%emt 0:00:20]} c5 {[%emt 0:00:08]} 8. d5 {[%emt 0:02:34]} Qa5 {[%emt 0:02:11]} 9. Nd2 {[%emt 0:04:24]} g5 {[%emt 0:02:00]} 10. Bg3 {[%emt 0:00:20]} Bf5 {[%emt 0:00:17]} 11. h4 {[%emt 0:15:29]} Ne4 {[%emt 0:06:14]} 12. Ndxe4 {[%emt 0:05:08]} Bxe4 {[%emt 0:00:09]} 13. Qd2 {[%emt 0:02:38]} Bg6 {[%emt 0:03:23]} 14. hxg5 {[%emt 0:01:19]} hxg5 {[%emt 0:00:02]} 15. Bd3 {[%emt 0:04:31]} Nd7 {[%emt 0:03:29]} 16. Bxg6 {[%emt 0:05:41]} fxg6 {[%emt 0:00:04]} 17. Ne4 {[%emt 0:01:02]} Qxd2+ {[%emt 0:01:36]} 18. Kxd2 {[%emt 0:00:12]} Ne5 {[%emt 0:01:05]} 19. Bxe5 {[%emt 0:05:42]} Bxe5 {[%emt 0:00:21]} 20. Rh6 {[%emt 0:02:07]} Bxb2 {[%emt 0:14:09]} 21. Rah1 {[%emt 0:04:22]} Bf6 {[%emt 0:13:08]} 22. Nxf6+ {[%emt 0:01:17]} 1-0

[Event "II Duchamp Open 2018-U2200"]
[Site "Rio de Janeiro"]
[Date "2018.11.17"]
[Round "2"]
[White "Lopes Fo, Jorge Antonio Ferre"]
[Black "Peixoto, Rudson Marinho"]
[Result "1-0"]
[WhiteElo "2126"]
[BlackElo "2007"]
[Annotator "NA"]
[PlyCount "57"]
[EventDate "2018.11.14"]
[EventType "swiss"]
[EventCountry "BRA"]
[SourceTitle "playchess.com"]
[Source "ChessBase"]
[SourceQuality "1"]
[TimeControl "5400+30"]

1. d4 {[%emt 0:29:33]} Nf6 {[%emt 0:29:41]} 2. c4 {[%emt 0:00:07]} e6 {[%emt 0:00:09]} 3. g3 {[%emt 0:00:10]} d5 {[%emt 0:00:21]} 4. Bg2 {[%emt 0:00:06]} Be7 {[%emt 0:00:14]} 5. Nf3 {[%emt 0:00:07]} c5 {[%emt 0:00:12]} 6. cxd5 {[%emt 0:00:09]} Nxd5 {[%emt 0:00:27]} 7. O-O {[%emt 0:00:29]} O-O {[%emt 0:00:27]} 8. dxc5 {[%emt 0:00:26]} Bxc5 {[%emt 0:00:18]} 9. a3 {[%emt 0:00:04]} Nc6 {[%emt 0:00:15]} 10. Qc2 {[%emt 0:01:03]} Qe7 {[%emt 0:02:29]} 11. e4 {[%emt 0:07:51]} Nf6 {[%emt 0:00:32]} 12. e5 {[%emt 0:04:58]} Nd7 {[%emt 0:02:08]} 13. Qe4 {[%emt 0:11:33]} f6 {[%emt 0:04:36]} 14. exf6 {[%emt 0:02:05]} Nxf6 {[%emt 0:00:10]} 15. Qc4 {[%emt 0:06:06]} Kh8 {[%emt 0:00:16]} 16. Nc3 {[%emt 0:00:27]} e5 {[%emt 0:00:27]} 17. Bg5 {[%emt 0:01:13]} Be6 {[%emt 0:00:14]} 18. Qh4 {[%emt 0:00:11]} h6 {[%emt 0:02:17]} 19. Ne4 {[%emt 0:00:51]} Kg8 {[%emt 0:03:45]} 20. Bxf6 {[%emt 0:01:10]} gxf6 {[%emt 0:00:20]} 21. Nxc5 {[%emt 0:00:10]} Qxc5 {[%emt 0:00:12]} 22. Qxh6 {[%emt 0:00:06]} Rf7 {[%emt 0:08:41]} 23. Qg6+ {[%emt 0:04:27]} Kf8 {[%emt 0:00:14]} 24. Ng5 fxg5 {[%emt 0:00:36]} 25. Qxe6 {[%emt 0:02:37]} Nd4 {[%emt 0:01:46]} 26. Qh6+ {[%emt 0:00:20]} Rg7 {[%emt 0:00:49]} 27. Rae1 {[%emt 0:02:47]} Kf7 {[%emt 0:01:54]} 28. b4 {[%emt 0:00:32]} Qe7 {[%emt 0:01:52]} 29. Bd5+ {[%emt 0:00:20]} 1-0

[Event "II Duchamp Open 2018-U2200"]
[Site "Rio de Janeiro"]
[Date "2018.11.17"]
[Round "2"]
[White "Dos Santos, Vitor Eduardo Mello"]
[Black "Rocha, Vitor Firmo De Souz"]
[Result "1/2-1/2"]
[WhiteElo "2054"]
[BlackElo "2174"]
[Annotator "NA"]
[PlyCount "60"]
[EventDate "2018.11.14"]
[EventType "swiss"]
[EventCountry "BRA"]
[SourceTitle "playchess.com"]
[Source "ChessBase"]
[SourceQuality "1"]
[TimeControl "5400+30"]

1. a3 {[%emt 0:32:15]} d5 {[%emt 0:30:28]} 2. Nf3 {[%emt 0:00:28]} Nf6 {[%emt 0:00:29]} 3. d4 {[%emt 0:01:10]} e6 {[%emt 0:01:01]} 4. e3 {[%emt 0:04:41]} Be7 {[%emt 0:00:10]} 5. c4 {[%emt 0:01:33]} O-O {[%emt 0:00:21]} 6. Nc3 {[%emt 0:00:27]} Nbd7 {[%emt 0:00:47]} 7. Be2 {[%emt 0:08:31]} c6 {[%emt 0:02:32]} 8. O-O {[%emt 0:00:27]} Ne4 {[%emt 0:00:19]} 9. Nxe4 {[%emt 0:02:14]} dxe4 {[%emt 0:00:05]} 10. Nd2 {[%emt 0:00:09]} f5 {[%emt 0:00:17]} 11. b4 {[%emt 0:13:55]} e5 {[%emt 0:00:25]} 12. Bb2 {[%emt 0:01:01]} exd4 {[%emt 0:01:36]} 13. Bxd4 {[%emt 0:00:17]} Bf6 {[%emt 0:00:56]} 14. Nb3 {[%emt 0:00:56]} Qc7 {[%emt 0:03:07]} 15. Qc2 {[%emt 0:01:37]} Ne5 {[%emt 0:01:56]} 16. Rac1 {[%emt 0:03:31]} b6 {[%emt 0:05:36]} 17. Rfd1 {[%emt 0:00:18]} Be6 {[%emt 0:00:24]} 18. Rd2 {[%emt 0:10:21]} Rae8 {[%emt 0:02:07]} 19. Qc3 {[%emt 0:03:57]} g5 {[%emt 0:06:09]} 20. Qc2 {[%emt 0:03:54]} g4 {[%emt 0:00:36]} 21. Bxe5 {[%emt 0:01:32]} Bxe5 {[%emt 0:00:13]} 22. g3 {[%emt 0:00:03]} c5 {[%emt 0:02:27]} 23. Rdd1 {[%emt 0:04:03]} h5 {[%emt 0:00:11]} 24. Nd2 {[%emt 0:00:32]} Rf6 {[%emt 0:02:30]} 25. Nb1 {[%emt 0:02:28]} h4 {[%emt 0:00:54]} 26. Kg2 {[%emt 0:00:19]} Rh6 {[%emt 0:01:04]} 27. Rh1 {[%emt 0:02:12]} h3+ {[%emt 0:00:04]} 28. Kf1 {[%emt 0:00:19]} Bf7 {[%emt 0:00:20]} 29. Nc3 {[%emt 0:00:35]} cxb4 {[%emt 0:01:14]} 30. axb4 {[%emt 0:00:29]} Bxc4 {[%emt 0:00:27]} 1/2-1/2

[Event "II Duchamp Open 2018-U2200"]
[Site "Rio de Janeiro"]
[Date "2018.11.17"]
[Round "2"]
[White "Nascimento, Pedro Henrique Alve"]
[Black "Morais, Wagner Soares De"]
[Result "1/2-1/2"]
[WhiteElo "2007"]
[BlackElo "1826"]
[Annotator "NA"]
[PlyCount "107"]
[EventDate "2018.11.14"]
[EventType "swiss"]
[EventCountry "BRA"]
[SourceTitle "playchess.com"]
[Source "ChessBase"]
[SourceQuality "1"]
[TimeControl "5400+30"]

1. d4 {[%emt 0:29:34]} Nf6 {[%emt 0:29:55]} 2. Nf3 {[%emt 0:01:16]} e6 {[%emt 0:13:43]} 3. Bg5 {[%emt 0:00:17]} h6 {[%emt 0:02:10]} 4. Bh4 {[%emt 0:00:25]} g5 {[%emt 0:00:12]} 5. Bg3 {[%emt 0:00:15]} Nh5 {[%emt 0:00:24]} 6. e3 {[%emt 0:01:33]} Nxg3 {[%emt 0:00:11]} 7. hxg3 {[%emt 0:00:10]} Bg7 {[%emt 0:00:22]} 8. Bd3 {[%emt 0:01:35]} b6 {[%emt 0:02:20]} 9. Qe2 {[%emt 0:05:28]} Bb7 {[%emt 0:00:46]} 10. Nbd2 {[%emt 0:00:51]} Qe7 {[%emt 0:01:35]} 11. c3 {[%emt 0:02:43]} Nc6 {[%emt 0:07:08]} 12. e4 {[%emt 0:01:46]} O-O-O {[%emt 0:07:52]} 13. Ba6 {[%emt 0:01:03]} d5 {[%emt 0:01:12]} 14. Bxb7+ {[%emt 0:01:07]} Kxb7 {[%emt 0:02:24]} 15. O-O {[%emt 0:04:51]} f5 {[%emt 0:02:39]} 16. e5 {[%emt 0:01:33]} h5 {[%emt 0:00:30]} 17. a4 {[%emt 0:00:24]} a6 {[%emt 0:00:16]} 18. b4 {[%emt 0:00:35]} Nb8 {[%emt 0:00:29]} 19. c4 {[%emt 0:02:02]} h4 {[%emt 0:01:33]} 20. gxh4 {[%emt 0:02:54]} g4 {[%emt 0:01:21]} 21. Ng5 {[%emt 0:04:49]} Rxh4 {[%emt 0:00:15]} 22. g3 {[%emt 0:01:44]} Rh5 {[%emt 0:01:22]} 23. f4 {[%emt 0:00:48]} gxf3 {[%emt 0:00:35]} 24. Ngxf3 {[%emt 0:00:25]} Rdh8 {[%emt 0:00:29]} 25. Qg2 {[%emt 0:02:48]} Bh6 {[%emt 0:00:28]} 26. Rae1 {[%emt 0:00:46]} c6 {[%emt 0:01:50]} 27. b5 {[%emt 0:00:32]} Qa3 {[%emt 0:02:42]} 28. bxc6+ {[%emt 0:00:37]} Nxc6 {[%emt 0:00:08]} 29. Qf2 {[%emt 0:03:39]} Nb4 {[%emt 0:10:58]} 30. Nb1 {[%emt 0:03:29]} Qd3 {[%emt 0:04:44]} 31. Qe2 {[%emt 0:07:18]} Qb3 {[%emt 0:02:23]} 32. Nbd2 {[%emt 0:01:39]} Bxd2 {[%emt 0:00:14]} 33. Qxd2 {[%emt 0:00:24]} Qxf3 {[%emt 0:00:53]} 34. Rxf3 {[%emt 0:00:30]} Rh1+ {[%emt 0:00:09]} 35. Kf2 {[%emt 0:00:47]} R8h2+ {[%emt 0:01:23]} 36. Ke3 {[%emt 0:00:21]} Rxd2 {[%emt 0:00:09]} 37. Rxh1 {[%emt 0:01:08]} Rd3+ {[%emt 0:00:25]} 38. Ke2 {[%emt 0:00:22]} Rxf3 {[%emt 0:00:11]} 39. Kxf3 {[%emt 0:00:09]} dxc4 {[%emt 0:00:09]} 40. Rh7+ {[%emt 0:00:54]} Kc6 {[%emt 0:00:16]} 41. Re7 {[%emt 0:01:26]} c3 {[%emt 0:01:56]} 42. Rxe6+ {[%emt 0:04:42]} Kd5 {[%emt 0:00:09]} 43. Rd6+ {[%emt 0:02:13]} Kc4 {[%emt 0:00:11]} 44. Ke2 {[%emt 0:00:33]} c2 {[%emt 0:01:07]} 45. Kd2 {[%emt 0:00:19]} b5 {[%emt 0:00:21]} 46. Rd8 {[%emt 0:03:05]} bxa4 {[%emt 0:00:29]} 47. e6 {[%emt 0:00:33]} Kb3 {[%emt 0:00:51]} 48. Rc8 {[%emt 0:00:51]} a3 {[%emt 0:00:08]} 49. e7 {[%emt 0:01:02]} a2 {[%emt 0:00:14]} 50. e8=Q {[%emt 0:01:20]} a1=Q {[%emt 0:00:14]} 51. Qe3+ {[%emt 0:01:41]} Ka4 {[%emt 0:01:09]} 52. Qe8+ {[%emt 0:00:53]} Kb3 {[%emt 0:00:14]} 53. Qe3+ {[%emt 0:00:38]} Ka4 {[%emt 0:00:07]} 54. Qe8+ {[%emt 0:01:25]} 1/2-1/2